[Event "TUR Cup										"]
[Site "Antalya"]
[Date "2018.02.02"]
[Round "10"]
[White "Gonullu, Muhammed Sinan"]
[Black "Kara, Yanki"]
[Result "0-1"]
[WhiteElo "1832"]
[BlackElo "1981"]
[PlyCount "74"]
[EventDate "2018.01.27"]
[EventType "swiss"]
[EventRounds "11"]
[EventCountry "TUR"]
[SourceTitle "CBM 182 Extra"]
[Source "ChessBase"]
[SourceDate "2018.02.23"]
[SourceVersion "1"]
[SourceVersionDate "2018.02.23"]
[SourceQuality "1"]

1. d4 d6 2. Bg5 g6 3. Nf3 Bg7 4. c3 Nf6 5. Nbd2 0-0 6. e3 Nbd7 7. Be2 c5 8. 0-0 b6 9. a4 a6 10. Re1 Bb7 11. h3 Qc7 12. Nh2 e5 13. dxe5 Nxe5 14. Bxf6 Bxf6 15. Ng4 Nxg4 16. hxg4 d5 17. Bf3 Rad8 18. Qc2 Rfe8 19. Rad1 Bc8 20. c4 dxc4 21. Nxc4 Be6 22. b3 b5 23. axb5 axb5 24. Nd2 Bg7 25. Be2 Rb8 26. Ne4 Bxb3 27. Qxb3 Rxe4 28. Rc1 c4 29. Qb1 Re5 30. Qa2 Rc5 31. Red1 b4 32. Rxc4 b3 33. Rxc5 Qxc5 34. Qb1 b2 35. Bd3 Ra8 36. Qc2 Qxc2 37. Bxc2 Rc8 0-1

[Event "TUR Cup										"]
[Site "Antalya"]
[Date "2018.01.30"]
[Round "6"]
[White "Uregen, Rafet"]
[Black "Gonullu, Muhammed Sinan"]
[Result "1-0"]
[WhiteElo "1595"]
[BlackElo "1832"]
[PlyCount "93"]
[EventDate "2018.01.27"]
[EventType "swiss"]
[EventRounds "11"]
[EventCountry "TUR"]
[SourceTitle "CBM 182 Extra"]
[Source "ChessBase"]
[SourceDate "2018.02.23"]
[SourceVersion "1"]
[SourceVersionDate "2018.02.23"]
[SourceQuality "1"]

1. e4 c5 2. Nc3 g6 3. g3 Bg7 4. Bg2 Nc6 5. Nge2 e6 6. d3 Nge7 7. Be3 b6 8. 0-0 0-0 9. d4 cxd4 10. Nxd4 a6 11. f4 Qc7 12. e5 Bb7 13. Qd2 Nxd4 14. Bxb7 Qxb7 15. Qxd4 Nf5 16. Qxb6 Qxb6 17. Bxb6 Rab8 18. Na4 Rfc8 19. c3 Rc4 20. b4 d6 21. Rfe1 dxe5 22. fxe5 Ne7 23. Bc5 Nd5 24. Rac1 Bh6 25. Rcd1 Nxc3 26. Nxc3 Rxc3 27. Rd7 Bf8 28. Bd6 Bxd6 29. exd6 Rd3 30. Rf1 Rf8 31. Rc1 Kg7 32. Rc6 Rd1+ 33. Kg2 Rd2+ 34. Kh3 Rxa2 35. Ra7 Kf6 36. b5 h5 37. g4 hxg4+ 38. Kg3 Ra3+ 39. Kg2 Ra2+ 40. Kg3 Ra3+ 41. Kg2 Rb3 42. b6 Rb2+ 43. Kg3 Rb3+ 44. Kxg4 Ke5 45. d7 Rd3 46. Rc8 Rd4+ 47. Kf3 1-0

[Event "TUR Cup										"]
[Site "Antalya"]
[Date "2018.01.29"]
[Round "4"]
[White "Erke, Mustafa Yigit"]
[Black "Gonullu, Muhammed Sinan"]
[Result "1-0"]
[WhiteElo "1609"]
[BlackElo "1832"]
[PlyCount "119"]
[EventDate "2018.01.27"]
[EventType "swiss"]
[EventRounds "11"]
[EventCountry "TUR"]
[SourceTitle "CBM 182 Extra"]
[Source "ChessBase"]
[SourceDate "2018.02.23"]
[SourceVersion "1"]
[SourceVersionDate "2018.02.23"]
[SourceQuality "1"]

1. e4 c5 2. Nf3 g6 3. c3 Bg7 4. d4 cxd4 5. cxd4 d5 6. exd5 Nf6 7. Nc3 Nxd5 8. Bb5+ Nc6 9. Qa4 Nxc3 10. bxc3 Bd7 11. Ne5 Nxe5 12. dxe5 Bxe5 13. Bb2 a6 14. Qe4 Bf6 15. Bxd7+ Qxd7 16. 0-0 0-0 17. Rfd1 Qc7 18. Rd3 Rfd8 19. Rad1 Rxd3 20. Qxd3 e6 21. Qf3 Kg7 22. Bc1 Rd8 23. Rxd8 Bxd8 24. Be3 f6 25. h4 Be7 26. h5 g5 27. h6+ Kg8 28. Qh5 Kf8 29. Qg4 Qc6 30. f4 f5 31. Qg3 g4 32. Bd4 Qe4 33. Kh2 Kf7 34. Qf2 Kg6 35. Bg7 Bd6 36. g3 Qd5 37. Qb2 Qb5 38. Qd2 Be7 39. c4 Qxc4 40. Ba1 Qd5 41. Qb2 e5 42. fxe5 Qe6 43. Qxb7 Kxh6 44. Bb2 Kg6 45. a4 h5 46. a5 Kf7 47. Qb6 Qxb6 48. axb6 Bc5 49. b7 Ba7 50. Ba3 Ke6 51. Bd6 a5 52. b8Q Bxb8 53. Bxb8 a4 54. Bd6 a3 55. Bxa3 Kxe5 56. Bc1 Ke4 57. Kg2 h4 58. gxh4 f4 59. h5 Kf5 60. Bxf4 1-0

[Event "TUR Cup										"]
[Site "Antalya"]
[Date "2018.01.28"]
[Round "2"]
[White "Karadeniz, Ali Emre"]
[Black "Gonullu, Muhammed Sinan"]
[Result "1-0"]
[WhiteElo "2288"]
[BlackElo "1832"]
[PlyCount "45"]
[EventDate "2018.01.27"]
[EventType "swiss"]
[EventRounds "11"]
[EventCountry "TUR"]
[SourceTitle "CBM 182 Extra"]
[Source "ChessBase"]
[SourceDate "2018.02.23"]
[SourceVersion "1"]
[SourceVersionDate "2018.02.23"]
[SourceQuality "1"]

1. d4 d5 2. c4 c6 3. cxd5 cxd5 4. Nf3 Nc6 5. Nc3 Nf6 6. Bf4 Bf5 7. Qb3 Na5 8. Qa4+ Bd7 9. Qc2 Rc8 10. e3 b5 11. a3 a6 12. Bd3 e6 13. 0-0 Be7 14. h3 0-0 15. Ne5 h6 16. Rfc1 Nc4 17. Qe2 Nxe5 18. dxe5 Nh7 19. Qd1 Qb6 20. Ne2 Rxc1 21. Rxc1 Rc8 22. Rxc8+ Bxc8 23. Bxh7+ 1-0

[Event "Enez op"]
[Site "Enez"]
[Date "2018.??.??"]
[Round "4"]
[White "Dogan, Halit"]
[Black "Gonullu, Muhammed Sinan"]
[Result "0-1"]
[WhiteElo "1373"]
[BlackElo "1832"]
[PlyCount "40"]
[EventDate "2018.09.15"]
[EventType "swiss"]
[EventRounds "9"]
[EventCountry "TUR"]
[SourceTitle "EXT 2019"]
[Source "ChessBase"]
[SourceDate "2018.10.10"]
[SourceVersion "1"]
[SourceVersionDate "2018.10.10"]
[SourceQuality "1"]

1. Nf3 d5 2. d4 c6 3. c4 e6 4. Nc3 f5 5. Bf4 Nf6 6. h3 Be7 7. e3 0-0 8. c5 Ne4 9. Qc2 b6 10. b4 a5 11. Nxe4 fxe4 12. Ne5 axb4 13. cxb6 Qxb6 14. Rc1 Qa5 15. Qd2 Qxa2 16. Qxa2 Rxa2 17. Be2 b3 18. Nxc6 Nxc6 19. Rxc6 Ra1+ 20. Bd1 b2 0-1

[Event "Enez op"]
[Site "Enez"]
[Date "2018.??.??"]
[Round "5"]
[White "Gonullu, Muhammed Sinan"]
[Black "Ivanov, Svetlen"]
[Result "1/2-1/2"]
[WhiteElo "1832"]
[BlackElo "1649"]
[PlyCount "101"]
[EventDate "2018.09.15"]
[EventType "swiss"]
[EventRounds "9"]
[EventCountry "TUR"]
[SourceTitle "EXT 2019"]
[Source "ChessBase"]
[SourceDate "2018.10.10"]
[SourceVersion "1"]
[SourceVersionDate "2018.10.10"]
[SourceQuality "1"]

1. d4 Nf6 2. Bg5 g6 3. Bxf6 exf6 4. e3 f5 5. g3 d5 6. Bg2 c6 7. c3 Nd7 8. Nd2 Nf6 9. Ngf3 h5 10. h4 Bh6 11. c4 0-0 12. cxd5 cxd5 13. 0-0 Re8 14. Qb3 Ne4 15. Rac1 b6 16. Nb1 Bb7 17. a4 Qd6 18. Ne5 Bg7 19. Nf3 Rac8 20. Nc3 Bf8 21. Nb5 Qb4 22. Qxb4 Bxb4 23. Nxa7 Ra8 24. Nc6 Bd6 25. Nce5 Rxa4 26. Ra1 Rea8 27. Rxa4 Rxa4 28. Rc1 Rb4 29. Rc2 Kg7 30. Bf1 f6 31. Nd3 Rc4 32. Nde1 Rxc2 33. Nxc2 Bc6 34. Bd3 Ba4 35. Kf1 Kf7 36. Ke2 Ke7 37. Na3 Bxa3 38. bxa3 Kd7 39. Bxe4 fxe4 40. Ne1 Bb5+ 41. Kd2 Bf1 42. f3 exf3 43. Nxf3 Ke6 44. Ke1 Bd3 45. Kf2 Bf5 46. Ne1 Be4 47. Nf3 Bxf3 48. Kxf3 Kf5 49. a4 g5 50. e4+ dxe4+ 51. Ke3 1/2-1/2

[Event "Enez op"]
[Site "Enez"]
[Date "2018.??.??"]
[Round "6"]
[White "Kirilov, Ivaylo"]
[Black "Gonullu, Muhammed Sinan"]
[Result "1-0"]
[WhiteElo "1961"]
[BlackElo "1832"]
[PlyCount "141"]
[EventDate "2018.09.15"]
[EventType "swiss"]
[EventRounds "9"]
[EventCountry "TUR"]
[SourceTitle "EXT 2019"]
[Source "ChessBase"]
[SourceDate "2018.10.10"]
[SourceVersion "1"]
[SourceVersionDate "2018.10.10"]
[SourceQuality "1"]

1. e4 c5 2. Nf3 g6 3. d4 cxd4 4. Nxd4 Bg7 5. Nc3 Nc6 6. Be3 Nf6 7. g3 0-0 8. Bg2 d6 9. h3 Bd7 10. 0-0 Na5 11. Qd3 Qc8 12. Kh2 Nc4 13. Bc1 Ne5 14. Qd2 Nc4 15. Qd1 Rb8 16. b3 Ne3 17. Bxe3 Qxc3 18. Qd3 Qxd3 19. cxd3 e5 20. Nc2 Bb5 21. Rfd1 b6 22. Na3 Ba6 23. Rac1 Rfc8 24. Nc4 Ne8 25. h4 Bxc4 26. dxc4 Bf6 27. Bh3 Rc7 28. Rd3 Kf8 29. Rcd1 Ke7 30. Bc1 Rd8 31. Ba3 Rc6 32. f4 Rb8 33. Rd5 exf4 34. gxf4 Bxh4 35. e5 f5 36. exd6+ Kd7 37. Re5 Bf6 38. Re2 Ng7 39. Bg2 Rcc8 40. Rde1 Re8 41. Bd5 Rxe2+ 42. Rxe2 a5 43. c5 bxc5 44. Bxc5 Rb5 45. Rc2 Ne6 46. Bxe6+ Kxe6 47. Ba3 Bd8 48. Rc8 Kd7 49. Rc2 Rd5 50. Kg2 h6 51. Kf3 Rd3+ 52. Kg2 a4 53. Rb2 Bf6 54. Rc2 Bd8 55. Rb2 g5 56. fxg5 hxg5 57. Bc5 axb3 58. axb3 Kc6 59. b4 Bb6 60. Rc2 Bd8 61. Ra2 Bb6 62. Ra6 f4 63. Rxb6+ Kd7 64. Rb7+ Ke8 65. Re7+ Kd8 66. Bb6+ Kc8 67. Rc7+ Kb8 68. d7 g4 69. Rc8+ Kb7 70. d8Q Rg3+ 71. Kf1 1-0